Country Flags Quiz - One Minute Sprint - Statistics

General Stats
  • This quiz has been taken 127 times
  • The average score is 19 of 20
Answer Stats
Picture Answer % Correct
United States
100%
Australia
98%
France
98%
United Kingdom
98%
Brazil
97%
China
97%
Canada
96%
Italy
96%
Greece
94%
Japan
94%
Russia
94%
Jamaica
93%
Netherlands
93%
Mexico
92%
Norway
92%
Ireland
89%
Israel
87%
Sweden
87%
South Africa
85%
Iran
83%
No matching quizzes found
Score Distribution
Percent of People with Each Score
Percentile by Number Answered
Your Score History
You have not taken this quiz